| 000 | 01079nam a2200325 4500 | ||
|---|---|---|---|
| 003 | OSt | ||
| 005 | 20260530115304.0 | ||
| 008 | 260508b2007 xxua|||| |||| 00| 0 eng d | ||
| 020 | _a9781592533510 | ||
| 020 | _a1592533515 | ||
| 040 |
_aICI _bspa _cICI |
||
| 041 | _aeng | ||
| 050 |
_aZ250 _b.I53 2007 |
||
| 245 | 1 | 0 |
_aIndie fonts 2 : _bA compendium of digital type from independent foundries / _ceditores Richard Kegler ; James Grieshaber ; Tamye Riggs |
| 264 | 1 |
_aEstados Unidos : _bType Publications, _c2007 |
|
| 300 |
_a400 páginas : _bilustraciones |
||
| 336 |
_atexto _2rdacontent |
||
| 337 |
_asin medio _2rdamedia |
||
| 338 |
_avolumen _2rdacarrier |
||
| 500 | _aIndiefonts BONUS CD Includes 38 Bonus Fonts | ||
| 650 | _aTipografía | ||
| 650 |
_aDiseño gráfico _918020 |
||
| 650 | _aDiseño tipográfico | ||
| 650 |
_aFuentes tipográficas digitales _931698 |
||
| 650 | _aComunicación visual | ||
| 700 | 1 |
_aKegler, Richard, _eeditor _931700 |
|
| 700 | 1 |
_aGrieshaber, James, _eeditor _931701 |
|
| 700 | 1 |
_aRiggs, Tamye, _eeditor _931702 |
|
| 942 |
_2lcc _cBK _n1 |
||
| 999 |
_c13008 _d13008 |
||